000 01816nam a2200301Ia 4500
999 _c38473
_d38473
001 4486
003 GE_BSU
005 20191017171524.0
008 181216s2012||||ge |||||||||||||| ||geo||
020 _a9789941669
040 _cGE_BSU
041 _ageo
080 _a27-9+27-242+27–246 გ–59
100 _aგოგებაშვილი, იაკობ
_94810
245 _aსაღმრთო ისტორია :
_bკოლექცია ბავშვებისათვის : [24 წიგნად] . წ. 22 /
_cმთ. რედ. მაია ალუდაური ; მხატვ.: გოჩა კაკაბაძე, მამუკა შენგელია; ტექსტის რედ. მუშაობდნენ: ზურაბ სარჯველაძე, თამაზ ტონია, თამაზ ჩუბინიძე.
264 _aთბილისი :
_bპალიტრა L,
_c2012.
300 _a47 გვ. ;
_b20 სმ.
490 _aჟურნალ "კარიბჭის" ბიბლიოთეკა
500 _aიბეჭდება სრ. საქ. კათოლიკოს-პატრიარქის ილია II-ის ლოცვა-კურთხევით
541 _h3ლ
653 _aიესო ქრისტეს ქადაგება;
653 _aრელიგია
700 _aსარჯველაძე, ზურაბ
_eრედაქტორი
_94811
700 _aტონია, თამაზ და სხვ.
_eრედაქტორი
_92404
700 _aშენგელია, მამუკა
_eმხატვარი
_92100
700 _aკაკაბაძე, გოჩა
_eმხატვარი
_92099
942 _cBK
_2udc